00526nam a2200181Ia 4500003000900000008004100009020001800050040001600068080001700084100001400101245009900115260003500214300001000249650002300259650001400282650002200296650002600318IN-BaIIA211028s9999 xx 000 0 eng d a81-224-0670-X cIIA Library a519.682bXAV aXavier, C 0aFortran 77 and numerical methodscC. Xavier  aNew DelhibWiley Easternc1994 a527p. aComputer languages aFortran 7 aNumerical methods aProgramming languages